000 01144nam a22003377a 4500
003 CHAP
005 20220329133610.0
008 971013s1992 r 00010 d
010 _a8396
011 _a9368
035 _a8603
040 _cCHAP
090 _aTesis
100 0 0 _aEsquivel Alonso, Julián.
_938146
245 _aEstudio fenológico del naranjo dulce (Citrus sinensis L. Osbeck) en el ejido La Haciendita del municipio de Cadereyta Jiménez, N. L. en 1990-91
260 _aMarín, N. L. :
_bEl autor,
_c1992
300 _a64 h
502 _aTesis (Ing. Agr. Fitotecnista) -- UANL. Fac. de Agronomía
590 _aALEPH
_b10
_c20130110
_lUCH01
_h1222
590 _aBATCH-UPD
_b10
_c20130110
_lUCH01
_h1746
590 _aBATCH-UPD
_b10
_c20130410
_lUCH01
_h1124
590 _aBATCH-UPD
_b10
_c20130914
_lUCH01
_h1126
590 _aCONVERSION
_b10
_c20130109
_lUCH01
_h1306
650 1 4 _aCultivos y clima.
_930392
650 1 4 _aFenología.
_940043
650 1 4 _aNaranja
_xEfecto del clima.
_980152
650 1 4 _aNaranja
_xNuevo León.
_980180
901 _aBK
942 _cTESIS
949 _bBC
_cTES
_d-18870
_eTS1
_h25992
_i8603
_mD
_si
999 _c8396
_d8396